000 00851nam a22001697a 4500
005 20260622093613.0
020 _a9781526665010
082 _a658.492WAL
100 _aWales, Jimmy.
245 _aThe seven rules of trust
_bwhy it is today's most essential superpower
260 _aLondon
_bBloomsbury
_c2025
300 _a240p.
504 _aIncludes index
520 _aFrom the beginning, people predicted Wikipedia’s demise. Instead, this global experiment in sharing knowledge and expertise online has become part of the fabric of modern, connected life. Today, every month, people view Wikipedia 11 billion times-just in the English language. The Internet’s encyclopedia has become a global utility, like water or electricity, and we rarely pause to consider the extraordinary fact of its existence.
650 _aLeadership
942 _cBK
999 _c11492
_d11492